Imitacionnyje sistemy prinjatija ekonomičeskich rešenij
Salvato in:
| Altri autori: | , |
|---|---|
| Natura: | Libro |
| Lingua: | russo |
| Pubblicazione: |
Moskva
Nauka
1989
|
| Edizione: | 1. izd. |
| Tags: |
Nessun Tag, puoi essere il primo ad aggiungerne!!
|
MARC
| LEADER | 00000nam a2200000 4500 | ||
|---|---|---|---|
| 001 | c028472 | ||
| 005 | 20230110094810.4 | ||
| 041 | 0 | |a rus | |
| 044 | |a RU | ||
| 245 | 1 | 0 | |a Imitacionnyje sistemy prinjatija ekonomičeskich rešenij |c Zodp. red. K.A. Barginovskij, V.S. Prokopov |
| 250 | |a 1. izd. | ||
| 264 | 1 | |a Moskva |b Nauka |c 1989 | |
| 300 | |a 162 s. | ||
| 700 | 1 | |a Barginovskij, K.A. | |
| 700 | 1 | |a Prokopov, V.S. | |